| 000 | 00477pab a2200181 454500 | ||
|---|---|---|---|
| 008 | 180718b2007 xxu||||| |||| 00| 0 eng d | ||
| 100 | _aKerr, Anne | ||
| 245 | _aShifting subject positions: experts and lay people in public dialogue | ||
| 260 | _c2007 | ||
| 300 | _ap.385-411. | ||
| 362 | _aJun | ||
| 650 | _aMedical education | ||
| 700 | _aTutton, Richard | ||
| 700 | _aCunningham-Burley, Sarah | ||
| 773 | _aSocial Studies of Science | ||
| 908 | _aN | ||
| 909 | _a74236 | ||
| 999 |
_c74236 _d74236 |
||